| 000 | 00807nam a2200205 a 4500 | ||
|---|---|---|---|
| 003 | 0 | ||
| 005 | 20250430145828.0 | ||
| 008 | 970114s19uu xx 00 eng d | ||
| 050 |
_aPGS HQ 778.5.P6 _b.Al447 2003 |
||
| 100 | _aAlmeda, Miguel Ramon Antonio J. | ||
| 245 |
_aThe effects of having a working mother in the academic performance of grade six students of Southville International School / _cMiguel Ramon Antonio J. Almeda. |
||
| 260 |
_aLas PiƱas City, Philippines : _bSouthville International School and Colleges, _c2003. |
||
| 300 |
_a29 pages : _billustrations ; _c28 cm. |
||
| 504 | _aIncludes bibliographical references. | ||
| 650 | _aWorking mothers. | ||
| 650 | _aAcademic achievement. | ||
| 650 | _aParental employment. | ||
| 650 |
_aStudents _vSocial conditions. |
||
| 942 |
_2lcc _cPASS |
||
| 999 |
_c96825 _d96825 |
||